000 00553nam a22001577a 4500
003 OSt
005 20151117144235.0
008 151117b xxu||||| |||| 00| 0 eng d
040 _cRUA
082 _aFIS ឈូក 1991​B145 Or.1
100 _93797
_aឈូក បូរិន
245 _aម៉ាស៊ីនត្រឺយនាវានេសាទ កំលាំង៧០សេះចុះ នៅសហគ្រាសនេសាទកំពង់សោម
260 _aPhnom Penh
_bRUA
_c1991
300 _a73p.
_bill.
_c29cm.
942 _2ddc
_cFIS
999 _c3530
_d3530